[Event "DEM U8 2025"]
[Site "Willingen GER"]
[Date "2025.06.12"]
[Round "3"]
[White "Storl, Jaro"]
[Black "Prasad, Ayush"]
[Result "0-1"]
[Termination "normal"]
[Board "11"]
[WhiteElo "1281"]
[BlackElo "1067"]
[WhiteClock "00:01:25"]
[BlackClock "00:27:08"]
[PlyCount "110"]
[EventCountry "GER"]
[EventRounds "7"]
[EventType "swiss"]
[EventDate "2025.06.10"]

1. c4 {[%clk 01:00:29]} {[%emt 00:07:25]} e5 {[%clk 01:00:20]} {[%emt
00:00:10]} 2. Nc3 {[%clk 01:00:38]} {[%emt 00:00:05]} Nf6 {[%clk 01:00:16]}
{[%emt 00:00:19]} 3. g3 {[%clk 01:00:47]} {[%emt 00:00:06]} Bc5 {[%clk
00:59:52]} {[%emt 00:00:40]} 4. e3 {[%clk 01:00:34]} {[%emt 00:00:27]} Nc6
{[%clk 00:59:45]} {[%emt 00:00:23]} 5. Bg2 {[%clk 01:00:42]} {[%emt 00:00:06]}
O-O {[%clk 00:59:36]} {[%emt 00:00:25]} 6. Nge2 {[%clk 01:00:30]} {[%emt
00:00:26]} d6 {[%clk 00:59:21]} {[%emt 00:00:30]} 7. O-O {[%clk 01:00:37]}
{[%emt 00:00:08]} Be6 {[%clk 00:59:11]} {[%emt 00:00:25]} 8. d3 {[%clk
01:00:39]} {[%emt 00:00:12]} Qd7 {[%clk 00:59:04]} {[%emt 00:00:23]} 9. a3
{[%clk 01:00:42]} {[%emt 00:00:13]} a5 {[%clk 00:59:05]} {[%emt 00:00:14]} 10.
Nd5 {[%clk 00:58:16]} {[%emt 00:02:40]} Bxd5 {[%clk 00:57:59]} {[%emt
00:01:21]} 11. cxd5 {[%clk 00:58:03]} {[%emt 00:00:29]} Ne7 {[%clk 00:58:01]}
{[%emt 00:00:12]} 12. Nc3 {[%clk 00:57:14]} {[%emt 00:01:04]} c6 {[%clk
00:57:52]} {[%emt 00:00:25]} 13. Qa4 {[%clk 00:54:49]} {[%emt 00:02:40]} Rfd8
{[%emt 00:02:47]} 14. dxc6 {[%clk 00:53:51]} {[%emt 00:00:17]} bxc6 {[%clk
00:56:22]} {[%emt 00:00:08]} 15. Rd1 {[%clk 00:53:34]} {[%emt 00:00:32]} d5
{[%clk 00:54:47]} {[%emt 00:01:50]} 16. Ne2 {[%clk 00:47:07]} {[%emt 00:06:41]}
Qd6 {[%clk 00:53:26]} {[%emt 00:01:37]} 17. Bd2 {[%clk 00:45:32]} {[%emt
00:01:50]} Qc7 {[%clk 00:52:33]} {[%emt 00:01:09]} 18. Rac1 {[%clk 00:44:48]}
{[%emt 00:00:58]} Qb6 {[%clk 00:51:49]} {[%emt 00:00:59]} 19. Qc2 {[%clk
00:44:41]} {[%emt 00:00:22]} Bd6 {[%clk 00:51:31]} {[%emt 00:00:33]} 20. d4
{[%clk 00:40:27]} {[%emt 00:04:30]} e4 {[%clk 00:50:31]} {[%emt 00:01:14]} 21.
Nc3 {[%clk 00:35:00]} {[%emt 00:05:42]} Nf5 {[%clk 00:48:54]} {[%emt 00:01:52]}
22. Na4 {[%clk 00:34:46]} {[%emt 00:00:29]} Qb7 {[%clk 00:47:44]} {[%emt
00:01:26]} 23. Qxc6 {[%clk 00:32:33]} {[%emt 00:02:28]} Qb3 {[%clk 00:44:54]}
{[%emt 00:03:05]} 24. Qb6 {[%clk 00:31:51]} {[%emt 00:00:56]} Qxa4 {[%clk
00:44:40]} {[%emt 00:00:30]} 25. b3 {[%clk 00:19:17]} {[%emt 00:12:48]} Qd7
{[%clk 00:43:53]} {[%emt 00:01:02]} 26. Bh3 {[%clk 00:12:29]} {[%emt 00:07:02]}
Rab8 {[%clk 00:39:25]} {[%emt 00:04:44]} 27. Qc6 {[%clk 00:10:55]} {[%emt
00:01:49]} Qxc6 {[%clk 00:38:41]} {[%emt 00:01:00]} 28. Rxc6 {[%clk 00:10:48]}
{[%emt 00:00:21]} Ne7 {[%clk 00:38:17]} {[%emt 00:00:37]} 29. Rc2 {[%clk
00:10:09]} {[%emt 00:00:55]} Rxb3 {[%clk 00:37:52]} {[%emt 00:00:41]} 30. Bxa5
{[%clk 00:10:16]} {[%emt 00:00:08]} Ra8 {[%clk 00:37:24]} {[%emt 00:00:42]} 31.
Bc7 {[%clk 00:08:27]} {[%emt 00:02:05]} Bxc7 {[%clk 00:36:17]} {[%emt
00:01:22]} 32. Rxc7 {[%clk 00:07:47]} {[%emt 00:00:56]} Ng6 {[%clk 00:36:21]}
{[%emt 00:00:11]} 33. Rdc1 {[%clk 00:06:57]} {[%emt 00:01:05]} h6 {[%clk
00:36:03]} {[%emt 00:00:33]} 34. Rc8+ {[%clk 00:06:30]} {[%emt 00:00:41]} Rxc8
{[%clk 00:35:53]} {[%emt 00:00:26]} 35. Rxc8+ {[%clk 00:06:41]} {[%emt
00:00:04]} Kh7 {[%clk 00:36:02]} {[%emt 00:00:05]} 36. Ra8 {[%clk 00:06:45]}
{[%emt 00:00:11]} Ne7 {[%clk 00:35:33]} {[%emt 00:00:44]} 37. Ra7 {[%clk
00:05:55]} {[%emt 00:01:06]} Nc6 {[%clk 00:35:33]} {[%emt 00:00:15]} 38. Rxf7
{[%clk 00:05:50]} {[%emt 00:00:19]} Rxa3 {[%clk 00:35:24]} {[%emt 00:00:24]}
39. Bf5+ {[%clk 00:05:57]} {[%emt 00:00:07]} Kg8 {[%clk 00:35:31]} {[%emt
00:00:09]} 40. Bg6 {[%clk 00:05:46]} {[%emt 00:00:21]} Ra1+ {[%clk 00:34:23]}
{[%emt 00:01:27]} 41. Kg2 {[%clk 00:05:55]} {[%emt 00:00:07]} Nd8 {[%clk
00:33:06]} {[%emt 00:01:32]} 42. Rc7 {[%clk 00:05:03]} {[%emt 00:01:08]} Ne6
{[%clk 00:32:56]} {[%emt 00:00:25]} 43. Rc8+ {[%clk 00:04:51]} {[%emt
00:00:26]} Nf8 {[%clk 00:33:05]} {[%emt 00:00:06]} 44. Bf5 {[%clk 00:04:56]}
{[%emt 00:00:10]} Ra6 {[%clk 00:32:49]} {[%emt 00:00:32]} 45. f3 {[%clk
00:04:39]} {[%emt 00:00:32]} Kf7 {[%clk 00:29:38]} {[%emt 00:03:25]} 46. fxe4
{[%clk 00:04:33]} {[%emt 00:00:21]} dxe4 {[%clk 00:29:08]} {[%emt 00:00:45]}
47. Rc7+ {[%clk 00:04:27]} {[%emt 00:00:22]} Ke8 {[%clk 00:29:14]} {[%emt
00:00:09]} 48. Rxg7 {[%clk 00:04:32]} {[%emt 00:00:09]} Ra2+ {[%clk 00:29:16]}
{[%emt 00:00:13]} 49. Kh3 {[%clk 00:04:10]} {[%emt 00:00:37]} Re2 {[%clk
00:29:16]} {[%emt 00:00:15]} 50. d5 {[%clk 00:02:50]} {[%emt 00:01:35]} Rxe3
{[%clk 00:29:08]} {[%emt 00:00:24]} 51. Rc7 {[%clk 00:02:08]} {[%emt 00:00:57]}
Nxd5 {[%clk 00:27:42]} {[%emt 00:01:40]} 52. Rc5 {[%clk 00:02:00]} {[%emt
00:00:24]} Nf6 {[%clk 00:27:12]} {[%emt 00:00:44]} 53. Rc8+ {[%clk 00:01:50]}
{[%emt 00:00:25]} Ke7 {[%clk 00:27:20]} {[%emt 00:00:07]} 54. Rc7+ {[%clk
00:01:38]} {[%emt 00:00:28]} N6d7 {[%clk 00:27:13]} {[%emt 00:00:21]} 55. Kg4
{[%clk 00:01:25]} {[%emt 00:00:28]} Re1 {[%clk 00:27:08]} {[%emt 00:00:19]} 56.
Rc4 {[%clk 00:01:21]} {[%emt 00:00:20]} Ne5+ {[%clk 00:27:14]} {[%emt
00:00:09]} 57. Kf4 {[%clk 00:01:29]} {[%emt 00:00:07]} Nxc4 {[%clk 00:27:11]}
{[%emt 00:00:18]} 58. Bxe4 {[%clk 00:01:43]} Ne6+ {[%clk 00:27:00]} {[%emt
00:00:27]} 59. Kf5 {[%clk 00:01:41]} {[%emt 00:00:16]} Nd6+ {[%clk 00:27:07]}
{[%emt 00:00:08]} 60. Kg6 {[%clk 00:01:52]} {[%emt 00:00:05]} Nxe4 {[%clk
00:26:47]} {[%emt 00:00:34]} 61. Kxh6 {[%clk 00:02:03]} {[%emt 00:00:02]} Rh1
{[%clk 00:26:44]} {[%emt 00:00:56]} 62. h4 {[%clk 00:02:23]} {[%emt 00:00:09]}
Nxg3 {[%clk 00:26:55]} {[%emt 00:00:04]} 63. h5 {[%clk 00:02:22]} {[%emt
00:00:17]} Kf7 {[%clk 00:26:46]} {[%emt 00:00:23]} 64. Kh7 {[%clk 00:02:24]}
{[%emt 00:00:13]} Rxh5 {[%emt 00:00:06]} 0-1

[Event "DEM U8 2025"]
[Site "Willingen GER"]
[Date "2025.06.12"]
[Round "3"]
[White "Komar, Mykhail"]
[Black "Tilenbaev, Akyl"]
[Result "0-1"]
[Termination "normal"]
[Board "12"]
[WhiteElo "1462"]
[BlackElo "1257"]
[WhiteClock "00:33:37"]
[BlackClock "00:40:14"]
[PlyCount "142"]
[WhiteFideId "533021864"]
[EventCountry "GER"]
[EventRounds "7"]
[EventType "swiss"]
[EventDate "2025.06.10"]

1. e4 {[%clk 01:00:29]} c5 {[%clk 01:00:25]} {[%emt 00:00:05]} 2. Nf3 {[%clk
01:00:29]} {[%emt 00:00:15]} d6 {[%clk 01:00:35]} {[%emt 00:00:05]} 3. Nc3
{[%clk 01:00:31]} {[%emt 00:00:13]} Nf6 {[%clk 01:00:43]} {[%emt 00:00:07]} 4.
Bc4 {[%clk 01:00:31]} {[%emt 00:00:15]} g6 {[%clk 01:00:50]} {[%emt 00:00:07]}
5. d3 {[%clk 01:00:38]} {[%emt 00:00:09]} Bg7 {[%clk 01:01:00]} {[%emt
00:00:05]} 6. O-O {[%clk 01:00:39]} {[%emt 00:00:14]} O-O {[%clk 01:01:10]}
{[%emt 00:00:05]} 7. Bg5 {[%emt 00:00:44]} Nc6 {[%clk 01:01:13]} {[%emt
00:00:10]} 8. Bb5 {[%clk 01:00:09]} {[%emt 00:00:19]} a6 {[%clk 01:01:21]}
{[%emt 00:00:07]} 9. Bxc6 {[%clk 01:00:07]} {[%emt 00:00:16]} bxc6 {[%clk
01:01:27]} {[%emt 00:00:08]} 10. Qd2 {[%clk 01:00:05]} {[%emt 00:00:18]} Rb8
{[%clk 01:01:35]} {[%emt 00:00:08]} 11. b3 {[%clk 00:59:33]} {[%emt 00:00:47]}
Qa5 {[%clk 01:01:29]} {[%emt 00:00:19]} 12. Na4 {[%clk 00:59:18]} {[%emt
00:00:31]} Qxd2 {[%clk 01:00:38]} {[%emt 00:01:05]} 13. Bxd2 {[%clk 00:59:12]}
{[%emt 00:00:21]} Nd7 {[%clk 00:58:43]} {[%emt 00:02:11]} 14. Bg5 {[%clk
00:59:15]} {[%emt 00:00:12]} Bxa1 {[%clk 00:58:48]} {[%emt 00:00:09]} 15. Bxe7
{[%clk 00:59:07]} {[%emt 00:00:23]} Re8 {[%clk 00:57:36]} {[%emt 00:01:28]} 16.
Bxd6 {[%clk 00:59:14]} {[%emt 00:00:08]} Rb5 {[%clk 00:57:27]} {[%emt
00:00:24]} 17. Rxa1 {[%clk 00:59:06]} {[%emt 00:00:24]} Re6 {[%clk 00:56:31]}
{[%emt 00:01:10]} 18. Bg3 {[%clk 00:58:26]} {[%emt 00:00:54]} f6 {[%clk
00:53:53]} {[%emt 00:02:54]} 19. Re1 {[%clk 00:57:13]} {[%emt 00:01:29]} Ne5
{[%clk 00:53:48]} {[%emt 00:00:19]} 20. Bxe5 {[%clk 00:56:24]} {[%emt
00:01:04]} fxe5 {[%clk 00:53:52]} {[%emt 00:00:11]} 21. c4 {[%clk 00:56:14]}
{[%emt 00:00:24]} Ra5 {[%clk 00:52:20]} {[%emt 00:01:49]} 22. h3 {[%clk
00:56:08]} {[%emt 00:00:20]} h6 {[%clk 00:51:01]} {[%emt 00:01:29]} 23. Kh2
{[%clk 00:56:09]} {[%emt 00:00:19]} Kf7 {[%clk 00:50:42]} {[%emt 00:00:31]} 24.
Kg3 {[%clk 00:56:02]} {[%emt 00:00:24]} Kf6 {[%clk 00:50:24]} {[%emt 00:00:34]}
25. Nh4 {[%clk 00:53:42]} {[%emt 00:02:35]} Re8 {[%emt 00:02:21]} 26. Nf3
{[%clk 00:52:46]} {[%emt 00:00:01]} h5 {[%clk 00:48:51]} {[%emt 00:00:52]} 27.
Kh4 {[%clk 00:51:49]} {[%emt 00:01:12]} Rh8 {[%clk 00:48:24]} {[%emt 00:00:40]}
28. g3 {[%clk 00:50:24]} {[%emt 00:01:41]} Rg8 {[%clk 00:48:07]} {[%emt
00:00:33]} 29. g4 {[%clk 00:48:26]} {[%emt 00:02:13]} g5+ {[%clk 00:47:31]}
{[%emt 00:00:51]} 30. Kg3 {[%clk 00:48:32]} {[%emt 00:00:09]} Rh8 {[%clk
00:45:28]} {[%emt 00:02:19]} 31. Rh1 {[%clk 00:47:31]} {[%emt 00:01:15]} hxg4
{[%clk 00:45:26]} {[%emt 00:00:17]} 32. Ng1 {[%clk 00:47:08]} {[%emt 00:00:38]}
gxh3 {[%clk 00:45:02]} {[%emt 00:00:39]} 33. Nxh3 {[%clk 00:47:11]} {[%emt
00:00:10]} g4 {[%clk 00:45:07]} {[%emt 00:00:12]} 34. f3 {[%clk 00:45:22]}
{[%emt 00:02:04]} gxh3 {[%clk 00:45:15]} {[%emt 00:00:07]} 35. Kf2 {[%clk
00:44:31]} {[%emt 00:01:06]} Rg8 {[%clk 00:44:52]} {[%emt 00:00:36]} 36. Rh2
{[%clk 00:44:20]} {[%emt 00:00:29]} Rg5 {[%clk 00:43:33]} {[%emt 00:01:30]} 37.
Kf1 {[%clk 00:43:58]} {[%emt 00:00:40]} Kg6 {[%clk 00:43:22]} {[%emt 00:00:25]}
38. Kf2 {[%clk 00:43:56]} {[%emt 00:00:19]} Kh5 {[%clk 00:43:33]} {[%emt
00:00:04]} 39. Kf1 {[%clk 00:43:57]} {[%emt 00:00:14]} Kh4 {[%clk 00:43:39]}
{[%emt 00:00:09]} 40. Kf2 {[%clk 00:44:00]} {[%emt 00:00:12]} Be6 {[%clk
00:43:38]} {[%emt 00:00:15]} 41. Ke3 {[%clk 00:43:00]} {[%emt 00:01:14]} Kg3
{[%clk 00:43:36]} {[%emt 00:00:18]} 42. Rh1 {[%clk 00:42:57]} {[%emt 00:00:18]}
Kg2 {[%clk 00:43:37]} {[%emt 00:00:13]} 43. Re1 {[%clk 00:42:21]} {[%emt
00:00:53]} h2 {[%clk 00:42:36]} {[%emt 00:01:16]} 44. f4 {[%clk 00:42:28]}
{[%emt 00:00:08]} Rg3+ {[%clk 00:42:08]} {[%emt 00:00:42]} 45. Kd2 {[%clk
00:42:29]} {[%emt 00:00:15]} h1=Q {[%clk 00:42:06]} {[%emt 00:00:17]} 46. Rxh1
{[%clk 00:42:04]} {[%emt 00:00:36]} Kxh1 {[%clk 00:42:13]} {[%emt 00:00:10]}
47. fxe5 {[%clk 00:42:11]} {[%emt 00:00:09]} Rg5 {[%clk 00:42:02]} {[%emt
00:00:26]} 48. Kc3 {[%clk 00:42:02]} {[%emt 00:00:24]} Rxe5 {[%clk 00:42:07]}
{[%emt 00:00:09]} 49. d4 {[%clk 00:42:08]} {[%emt 00:00:10]} cxd4+ {[%clk
00:42:03]} {[%emt 00:00:17]} 50. Kxd4 {[%clk 00:42:01]} {[%emt 00:00:24]} Rg5
{[%clk 00:41:44]} {[%emt 00:00:33]} 51. c5 {[%clk 00:41:47]} {[%emt 00:00:31]}
Rg2 {[%clk 00:41:47]} {[%emt 00:00:11]} 52. Kc3 {[%clk 00:41:05]} {[%emt
00:00:57]} Rxa2 {[%clk 00:41:49]} {[%emt 00:00:13]} 53. Kb4 {[%clk 00:40:44]}
{[%emt 00:00:36]} R5xa4+ {[%clk 00:41:38]} {[%emt 00:00:26]} 54. bxa4 {[%clk
00:40:38]} {[%emt 00:00:20]} Ra1 {[%clk 00:41:07]} {[%emt 00:00:47]} 55. Ka5
{[%clk 00:40:37]} {[%emt 00:00:16]} Bc4 {[%clk 00:40:30]} {[%emt 00:00:53]} 56.
Kb6 {[%clk 00:40:32]} {[%emt 00:00:19]} Rxa4 {[%clk 00:40:33]} {[%emt
00:00:13]} 57. Kxc6 {[%clk 00:40:37]} {[%emt 00:00:09]} Bb5+ {[%clk 00:39:33]}
{[%emt 00:01:15]} 58. Kb6 {[%clk 00:40:35]} {[%emt 00:00:16]} Rxe4 {[%clk
00:39:29]} {[%emt 00:00:18]} 59. Ka5 {[%clk 00:40:16]} {[%emt 00:00:36]} Kg2
{[%clk 00:39:18]} {[%emt 00:00:26]} 60. c6 {[%clk 00:40:18]} {[%emt 00:00:13]}
Bxc6 {[%clk 00:39:27]} {[%emt 00:00:06]} 61. Kxa6 {[%clk 00:39:15]} {[%emt
00:01:19]} Rb4 {[%clk 00:39:34]} {[%emt 00:00:07]} 62. Ka5 {[%clk 00:39:13]}
{[%emt 00:00:17]} Rb1 {[%clk 00:39:43]} {[%emt 00:00:06]} 63. Ka6 {[%clk
00:39:18]} {[%emt 00:00:10]} Kf3 {[%clk 00:39:49]} {[%emt 00:00:08]} 64. Ka7
{[%clk 00:39:25]} {[%emt 00:00:09]} Ke4 {[%clk 00:39:57]} {[%emt 00:00:07]} 65.
Ka6 {[%emt 00:00:10]} Kd4 {[%emt 00:00:06]} 66. Ka5 {[%clk 00:39:04]} {[%emt
00:00:20]} Kc4 {[%clk 00:40:04]} {[%emt 00:00:09]} 67. Ka6 {[%clk 00:38:38]}
{[%emt 00:00:40]} Kd5 {[%clk 00:40:05]} {[%emt 00:00:13]} 68. Ka5 {[%clk
00:38:38]} {[%emt 00:00:16]} Be8 {[%clk 00:39:58]} {[%emt 00:00:22]} 69. Ka6
{[%clk 00:38:10]} {[%emt 00:00:43]} Kc5 {[%clk 00:39:59]} {[%emt 00:00:14]} 70.
Ka7 {[%emt 00:00:17]} Bc6 {[%emt 00:00:15]} 71. Ka6 {[%clk 00:33:37]} {[%emt
00:03:40]} Ra1# {[%clk 00:40:14]} 0-1

[Event "DEM U8 2025"]
[Site "Willingen GER"]
[Date "2025.06.12"]
[Round "3"]
[White "Siegel, Vitus"]
[Black "Nilov, Nikita"]
[Result "0-1"]
[Termination "normal"]
[Board "13"]
[WhiteElo "1169"]
[BlackElo "1046"]
[WhiteClock "00:33:58"]
[BlackClock "00:34:27"]
[PlyCount "108"]
[WhiteFideId "34694102"]
[EventCountry "GER"]
[EventRounds "7"]
[EventType "swiss"]
[EventDate "2025.06.10"]

1. e4 {[%clk 01:00:24]} {[%emt 00:00:03]} e5 {[%clk 01:00:28]} {[%emt
00:00:04]} 2. Nf3 {[%clk 01:00:24]} {[%emt 00:00:13]} Nc6 {[%clk 01:00:36]}
{[%emt 00:00:09]} 3. Bc4 {[%clk 01:00:28]} {[%emt 00:00:10]} Bc5 {[%emt
00:00:14]} 4. O-O {[%clk 01:00:09]} {[%emt 00:00:30]} Nf6 {[%clk 01:00:48]}
{[%emt 00:00:08]} 5. d3 {[%clk 01:00:02]} {[%emt 00:00:22]} d6 {[%clk
01:00:52]} {[%emt 00:00:10]} 6. Re1 {[%clk 00:59:32]} {[%emt 00:00:45]} Bg4
{[%clk 01:00:53]} {[%emt 00:00:15]} 7. Nbd2 {[%clk 00:59:27]} {[%emt 00:00:20]}
O-O {[%clk 01:00:56]} {[%emt 00:00:13]} 8. c3 {[%clk 00:59:11]} {[%emt
00:00:31]} a6 {[%clk 01:00:50]} {[%emt 00:00:22]} 9. Nf1 {[%clk 00:58:55]} Nh5
{[%clk 01:00:23]} {[%emt 00:01:11]} 10. Bg5 {[%clk 00:58:42]} Qd7 {[%clk
01:00:05]} {[%emt 00:01:02]} 11. h3 {[%clk 00:57:53]} {[%emt 00:01:02]} Be6
{[%clk 01:00:04]} {[%emt 00:00:16]} 12. Bb3 {[%clk 00:57:44]} {[%emt 00:00:25]}
Bxb3 {[%clk 00:59:49]} {[%emt 00:00:30]} 13. axb3 {[%clk 00:57:24]} {[%emt
00:00:36]} f5 {[%clk 00:59:30]} {[%emt 00:00:34]} 14. d4 {[%clk 00:49:17]}
{[%emt 00:08:22]} exd4 {[%clk 00:57:28]} {[%emt 00:02:17]} 15. cxd4 {[%clk
00:49:12]} {[%emt 00:00:20]} Bb4 {[%clk 00:57:32]} {[%emt 00:00:10]} 16. Re2
{[%clk 00:48:58]} {[%emt 00:00:30]} fxe4 {[%clk 00:57:00]} {[%emt 00:00:47]}
17. Rxe4 {[%clk 00:48:57]} {[%emt 00:00:16]} d5 {[%clk 00:57:01]} {[%emt
00:00:13]} 18. Ne5 {[%clk 00:46:48]} {[%emt 00:02:25]} Qf5 {[%clk 00:55:39]}
{[%emt 00:01:34]} 19. Nxc6 {[%clk 00:41:47]} {[%emt 00:05:19]} dxe4 {[%clk
00:53:47]} {[%emt 00:02:08]} 20. Be7 {[%clk 00:40:42]} {[%emt 00:01:19]} Qxf2+
{[%clk 00:52:29]} {[%emt 00:01:33]} 21. Kh1 {[%clk 00:40:49]} {[%emt 00:00:07]}
Bxe7 {[%clk 00:51:09]} {[%emt 00:01:36]} 22. Nxe7+ {[%clk 00:40:50]} {[%emt
00:00:15]} Kf7 {[%clk 00:50:16]} {[%emt 00:01:08]} 23. Qxh5+ {[%clk 00:40:26]}
{[%emt 00:00:38]} Kxe7 {[%clk 00:50:00]} {[%emt 00:00:26]} 24. Qe5+ {[%clk
00:40:29]} {[%emt 00:00:17]} Kd8 {[%clk 00:47:27]} {[%emt 00:02:45]} 25. Qg5+
{[%clk 00:40:31]} {[%emt 00:00:15]} Kd7 {[%clk 00:45:41]} {[%emt 00:01:58]} 26.
Qxg7+ {[%clk 00:39:44]} {[%emt 00:01:06]} Rf7 {[%clk 00:45:23]} {[%emt
00:00:32]} 27. Qg4+ {[%clk 00:39:39]} {[%emt 00:00:19]} Qf5 {[%clk 00:45:22]}
{[%emt 00:00:16]} 28. Qe2 {[%clk 00:39:36]} {[%emt 00:00:19]} Rg8 {[%clk
00:44:43]} {[%emt 00:00:54]} 29. Ne3 {[%clk 00:39:47]} {[%emt 00:00:20]} Qf2
{[%clk 00:44:41]} {[%emt 00:00:30]} 30. Qxf2 {[%clk 00:39:31]} {[%emt
00:00:33]} Rxf2 {[%clk 00:44:39]} {[%emt 00:00:17]} 31. Re1 {[%clk 00:39:18]}
{[%emt 00:00:28]} Rxb2 {[%clk 00:44:21]} {[%emt 00:00:34]} 32. Nd5 {[%clk
00:39:15]} {[%emt 00:00:17]} Kd6 {[%clk 00:43:58]} {[%emt 00:00:35]} 33. Nf6
{[%clk 00:39:23]} {[%emt 00:00:10]} Rgxg2 {[%clk 00:42:16]} {[%emt 00:01:54]}
34. Nxe4+ {[%clk 00:39:16]} {[%emt 00:00:26]} Kc6 {[%clk 00:41:34]} {[%emt
00:00:56]} 35. Nf6 {[%clk 00:38:43]} {[%emt 00:00:50]} Rh2+ {[%clk 00:40:43]}
{[%emt 00:01:05]} 36. Kg1 {[%clk 00:38:47]} {[%emt 00:00:10]} Rxh3 {[%clk
00:39:47]} {[%emt 00:01:13]} 37. d5+ {[%clk 00:38:47]} {[%emt 00:00:14]} Kb5
{[%clk 00:38:50]} {[%emt 00:01:05]} 38. Ne8 {[%clk 00:38:31]} {[%emt 00:00:28]}
Rc2 {[%clk 00:38:08]} {[%emt 00:01:03]} 39. d6 {[%clk 00:37:58]} {[%emt
00:00:52]} cxd6 {[%clk 00:37:47]} {[%emt 00:00:37]} 40. Nxd6+ {[%clk 00:37:27]}
{[%emt 00:00:39]} Kc6 {[%clk 00:37:47]} {[%emt 00:00:20]} 41. Nc4 {[%clk
00:37:24]} {[%emt 00:00:17]} b5 {[%clk 00:37:06]} {[%emt 00:00:50]} 42. Ne5+
{[%clk 00:37:05]} {[%emt 00:00:34]} Kd5 {[%clk 00:36:55]} {[%emt 00:00:32]} 43.
Ng4 {[%clk 00:37:06]} {[%emt 00:00:17]} Rg3+ {[%clk 00:36:36]} {[%emt
00:00:21]} 44. Kh1 {[%clk 00:37:01]} {[%emt 00:00:30]} Rxg4 {[%clk 00:36:14]}
{[%emt 00:00:37]} 45. Rd1+ {[%clk 00:36:29]} {[%emt 00:00:17]} Rd4 {[%emt
00:00:35]} 46. Rf1 {[%emt 00:01:05]} Rdd2 {[%clk 00:34:49]} {[%emt 00:00:32]}
47. Re1 {[%clk 00:34:37]} {[%emt 00:02:07]} a5 {[%clk 00:34:13]} {[%emt
00:00:51]} 48. Ra1 {[%clk 00:34:10]} {[%emt 00:00:28]} a4 {[%clk 00:34:24]}
{[%emt 00:00:16]} 49. b4 {[%clk 00:34:12]} {[%emt 00:00:15]} a3 {[%clk
00:34:16]} {[%emt 00:00:23]} 50. Kg1 {[%clk 00:34:09]} {[%emt 00:00:17]} a2
{[%clk 00:34:18]} {[%emt 00:00:15]} 51. Kh1 {[%clk 00:34:06]} {[%emt 00:00:17]}
Rb2 {[%clk 00:34:18]} {[%emt 00:00:16]} 52. Re1 {[%clk 00:33:56]} {[%emt
00:00:24]} Rb1 {[%clk 00:34:22]} {[%emt 00:00:11]} 53. Rg1 {[%clk 00:33:53]}
{[%emt 00:00:17]} Rxg1+ {[%clk 00:34:27]} {[%emt 00:00:12]} 54. Kxg1 {[%clk
00:33:58]} {[%emt 00:00:10]} a1=R# {[%emt 00:00:24]} 0-1

[Event "DEM U8 2025"]
[Site "Willingen GER"]
[Date "2025.06.12"]
[Round "3"]
[White "Wahlhäuser, Jari"]
[Black "Öngün, Magnus"]
[Result "0-1"]
[Termination "normal"]
[Board "14"]
[WhiteElo "1083"]
[BlackElo "1165"]
[WhiteClock "00:05:38"]
[BlackClock "00:42:40"]
[PlyCount "68"]
[BlackFideId "533004978"]
[EventCountry "GER"]
[EventRounds "7"]
[EventType "swiss"]
[EventDate "2025.06.10"]

1. e4 {[%clk 01:00:28]} e5 {[%clk 01:00:14]} {[%emt 00:00:17]} 2. Nf3 {[%clk
01:00:31]} {[%emt 00:00:11]} Nf6 {[%clk 00:59:59]} {[%emt 00:00:31]} 3. Nc3
{[%clk 01:00:28]} {[%emt 00:00:18]} Bb4 {[%emt 00:00:59]} 4. d3 {[%clk
00:59:28]} {[%emt 00:00:50]} d5 {[%clk 00:59:39]} {[%emt 00:00:14]} 5. exd5
{[%clk 00:56:15]} {[%emt 00:03:30]} Nxd5 {[%clk 00:59:43]} {[%emt 00:00:11]} 6.
Bd2 {[%clk 00:56:11]} {[%emt 00:00:19]} Nxc3 {[%clk 00:59:40]} {[%emt
00:00:18]} 7. Bxc3 {[%clk 00:55:45]} {[%emt 00:00:41]} Bxc3+ {[%emt 00:01:02]}
8. bxc3 {[%clk 00:55:32]} {[%emt 00:00:05]} O-O {[%clk 00:59:10]} {[%emt
00:00:22]} 9. Be2 {[%clk 00:55:02]} {[%emt 00:00:44]} Bg4 {[%clk 00:58:12]}
{[%emt 00:01:14]} 10. O-O {[%clk 00:53:08]} {[%emt 00:02:09]} Nd7 {[%clk
00:56:09]} {[%emt 00:02:18]} 11. h3 {[%clk 00:51:45]} {[%emt 00:01:36]} Bh5
{[%clk 00:55:20]} {[%emt 00:01:05]} 12. d4 {[%clk 00:50:55]} {[%emt 00:01:04]}
e4 {[%clk 00:54:56]} {[%emt 00:00:41]} 13. Nd2 {[%clk 00:50:40]} {[%emt
00:00:29]} Bg6 {[%clk 00:54:12]} {[%emt 00:00:59]} 14. Re1 {[%clk 00:47:37]}
{[%emt 00:03:16]} Re8 {[%clk 00:51:14]} {[%emt 00:03:15]} 15. Bc4 {[%clk
00:45:56]} {[%emt 00:01:51]} Nb6 {[%clk 00:50:25]} {[%emt 00:01:10]} 16. Bb3
{[%clk 00:45:34]} {[%emt 00:00:33]} Nd5 {[%clk 00:49:42]} {[%emt 00:01:01]} 17.
Bxd5 {[%clk 00:44:27]} {[%emt 00:01:22]} Qxd5 {[%clk 00:49:41]} {[%emt
00:00:16]} 18. Re3 {[%clk 00:37:57]} {[%emt 00:06:46]} f5 {[%clk 00:49:30]}
{[%emt 00:00:26]} 19. Nb3 {[%clk 00:35:27]} {[%emt 00:02:44]} f4 {[%clk
00:49:15]} {[%emt 00:00:30]} 20. Re1 {[%clk 00:34:38]} {[%emt 00:01:02]} f3
{[%clk 00:48:55]} {[%emt 00:00:37]} 21. Qd2 {[%clk 00:25:59]} {[%emt 00:08:54]}
fxg2 {[%clk 00:47:29]} {[%emt 00:01:42]} 22. Qe3 {[%clk 00:24:46]} {[%emt
00:01:25]} Rf8 {[%clk 00:46:57]} {[%emt 00:00:50]} 23. Nc5 {[%clk 00:23:27]}
{[%emt 00:01:34]} Rf3 {[%clk 00:46:48]} {[%emt 00:00:23]} 24. Qe2 {[%clk
00:22:49]} {[%emt 00:00:52]} Rxh3 {[%clk 00:46:20]} {[%emt 00:00:45]} 25. Kxg2
{[%clk 00:21:16]} {[%emt 00:01:48]} Rxc3 {[%clk 00:45:41]} {[%emt 00:00:54]}
26. Nxe4 {[%clk 00:18:00]} {[%emt 00:03:30]} Re8 {[%clk 00:44:35]} {[%emt
00:01:21]} 27. f3 {[%clk 00:16:14]} {[%emt 00:01:29]} Bxe4 {[%clk 00:44:26]}
{[%emt 00:00:57]} 28. fxe4 {[%clk 00:14:04]} {[%emt 00:02:25]} Qg5+ {[%clk
00:43:07]} {[%emt 00:01:34]} 29. Kh1 {[%clk 00:09:54]} {[%emt 00:04:20]} Rh3+
{[%clk 00:42:43]} {[%emt 00:00:44]} 30. Qh2 {[%clk 00:09:54]} {[%emt 00:00:14]}
Rxh2+ {[%clk 00:42:36]} {[%emt 00:00:23]} 31. Kxh2 {[%clk 00:09:51]} {[%emt
00:00:18]} Re6 {[%clk 00:42:44]} {[%emt 00:00:07]} 32. Re3 {[%clk 00:09:08]}
{[%emt 00:00:58]} Qxe3 {[%clk 00:42:49]} {[%emt 00:00:11]} 33. Rg1 {[%clk
00:06:12]} {[%emt 00:03:10]} Qf2+ {[%clk 00:42:33]} {[%emt 00:00:30]} 34. Rg2
{[%clk 00:05:38]} {[%emt 00:00:49]} Rh6# {[%clk 00:42:40]} {[%emt 00:00:09]}
0-1